| 000 | 00517nam a2200193 i 4500 | ||
|---|---|---|---|
| 001 | 88095 | ||
| 003 | ES-MaACL | ||
| 005 | 20230906175812.0 | ||
| 007 | t| | ||
| 008 | 050103s1965 sp ||||1| spa d | ||
| 080 | _a159.964.2 | ||
| 100 | 1 |
_aLafourcade, Agustín. _969521 |
|
| 245 | 1 | 0 |
_aPsicoanálisis de cada cual / _cAgustín Lafourcade. |
| 260 |
_a[Madrid] : _bAzaral, _c1965. |
||
| 300 |
_a144 p. ; _c22 cm. |
||
| 650 | 4 |
_aPsicoanálisis. _916530 |
|
| 852 | 4 |
_aES-MaACL _jC-27452 |
|
| 852 | 4 |
_aES-MaACL _jC-28126 |
|
| 999 |
_c88095 _d88095 |
||